Современная логика и онтология. Кн. 2: Аксиоматические теории. Теория множеств. Модели времени (Запись № 12542520)
[ простой вид ]
| 000 -МАРКЕР | |
|---|---|
| контрольное поле | 01187nam2a2200253 4500 |
| 001 - ИДЕНТИФИКАТОР ЗАПИСИ | |
| контрольное поле | RU\NLR\BIBL_A\012888265 |
| 005 - ИДЕНТИФИКАТОР ВЕРСИИ | |
| контрольное поле | 20220928164639.0 |
| 010 ## - МЕЖДУНАРОДНЫЙ СТАНДАРТНЫЙ НОМЕР КНИГИ (ISBN) | |
| Номер (ISBN) | 978-5-9710-9778-5 |
| 021 ## - НОМЕР ГОСУДАРСТВЕННОЙ РЕГИСТРАЦИИ | |
| Код страны | Российская Федерация |
| Номер | КН-П-22-047441 |
| Номер Листа государственной регистраци | КН-П-22-4102 |
| 035 ## - ДРУГИЕ СИСТЕМНЫЕ НОМЕРА | |
| Идентификатор записи | (NLR Aleph) 012888265 |
| 100 ## - ДАННЫЕ ОБЩЕЙ ОБРАБОТКИ | |
| Данные общей обработки | 20220914d2022 u y0rusy50 ca |
| 101 0# - ЯЗЫК РЕСУРСА | |
| Язык текста, звукозаписи и т.д. | русский |
| 102 ## - СТРАНА ПУБЛИКАЦИИ ИЛИ ПРОИЗВОДСТВА | |
| Страна публикации | Российская Федерация |
| 105 ## - ПОЛЕ КОДИРОВАННЫХ ДАННЫХ: ТЕКСТОВЫЕ МАТЕРИАЛЫ, МОНОГРАФИЧЕСКИЕ | |
| Кодированные данные о монографическом текстовом документе | a z 000zy |
| 200 1# - ЗАГЛАВИЕ И СВЕДЕНИЯ ОБ ОТВЕТСТВЕННОСТИ | |
| Основное заглавие | Аксиоматические теории. Теория множеств. Модели времени |
| 210 ## - ПУБЛИКАЦИЯ, РАСПРОСТРАНЕНИЕ И ДР. | |
| Дата издания, распространения и т.д. | 2022 |
| 215 ## - ФИЗИЧЕСКАЯ ХАРАКТЕРИСТИКА | |
| Специфическое обозначение материала и объем | 209 с. |
| Другие сведения о физической характеристике | ил., табл. |
| 320 ## - ПРИМЕЧАНИЯ О НАЛИЧИИ В ДОКУМЕНТЕ БИБЛИОГРАФИИ / УКАЗАТЕЛЯ | |
| Текст примечания | Библиогр.: с. 203-209 (154 назв.) |
| 461 #0 - УРОВЕНЬ НАБОРА | |
| Встроенное поле | 001RU\NLR\BIBL_A\012868083 |
| -- | 2001#$aСовременная логика и онтология$fА. М. Анисов$gРоссийская академия наук, Институт философии$vКн. 2 |
| -- | 700#1$aАнисов$bА. М.$gАлександр Михайлович |
| Системный номер (АБИС) связанной записи | 12480354 |
| Автор | Анисов, А. М. |
| Место публикации | Москва |
| Дата публикации | 2022 |
| Первые сведения об ответственности | А. М. Анисов |
| Имя издателя, распространителя и т.д. | URSS |
| Заглавие | Современная логика и онтология |
| Номер тома | Кн. 2 |
| 942 ## - ДОПОЛНИТЕЛЬНЫЕ ЭЛЕМЕНТЫ ЗАПИСИ (АБИС) | |
| Тип экземпляра АБИС | Книга |
| 980 ## - КОЛЛЕКЦИЯ | |
| Название коллекции | Национальная библиография |
| Тип экземпляра | Дата поступления | Источник поступления | Библиотека постоянного хранения | Библиотека текущего хранения | Место хранения | Шифр хранения | Штрих-код | Статус экземпляра | Стоимость |
|---|---|---|---|---|---|---|---|---|---|
| Книга | 14.09.2022 | Обязательный экземпляр | РНБ (Московский) | РНБ (Московский) | Русский книжный фонд: издания с 1957 года | 2022-5/8037 | 1-3965371 | ||
| Книга | 14.09.2022 | Обязательный экземпляр | РНБ (Московский) | РНБ (Московский) | Русский книжный фонд: издания с 1957 года | 2022-5/8037 | 1-3965372 | ||
| Книга | 15.03.2023 | Покупка | РНБ (Московский) | РНБ (Московский) | Залы гуманитарной литературы | ГЛ Ю4/А-674 | 1-4351117 | 1018.73 | |
| Книга | 15.03.2023 | Покупка | РНБ (Садовая) | РНБ (Садовая) | Универсальный читальный зал | У Ю4/А-674 | 1-4351118 | 1019.73 |